| 000 | 00709nam a2200193 a 4500 | ||
|---|---|---|---|
| 005 | 20221118063932.0 | ||
| 008 | 991125 mx 000 0 spa u | ||
| 020 | _a9682912733 | ||
| 035 | _aUPN01000033093 | ||
| 049 | _aSEP | ||
| 050 | 4 |
_aLB1578 A3.39 _bS2.3 1986 LE |
|
| 100 | 1 |
_aSánchez Gómez, Pablo _929933 |
|
| 245 | 1 | 0 |
_aJñiñi = Libro de ejercicios de lectura y escritura para adultos en lengua mazahua, San Felipe del Progreso, Estado de México / _cPablo Sánchez Gómez. |
| 260 |
_aMéxico : _bSEP, Dirección General de Educación Indígena |
||
| 300 |
_a115 p. : _bil. |
||
| 650 | 4 |
_aCartilla mazahua _98083 |
|
| 710 | 1 |
_aMéxico. _bDirección General de Educación Indígena |
|
| 905 | _aLibro | ||
| 999 |
_c33093 _d33093 |
||